[Event "32. Kieler Open 2019 B-Open"]
[Site "Kiel"]
[Date "2019.07.27"]
[Round "2.29"]
[White "Hogreve, Holger"]
[Black "Lauzening, Rene"]
[Result "1-0"]
[WhiteElo "1434"]
[BlackElo "1047"]
[Annotator "MB"]
[PlyCount "103"]
[EventDate "2019.??.??"]

1. Nf3 e6 2. d4 d5 3. Bg5 f6 4. Bf4 Nc6 5. c4 dxc4 6. e4 Bd6 7. Bxd6 cxd6 8.
Bxc4 Nge7 9. O-O d5 10. exd5 Nxd5 11. Nc3 Nf4 12. Re1 a6 13. Qd2 g5 14. g3 b5
15. Bb3 Nh3+ 16. Kg2 e5 17. Rad1 g4 18. Ng1 Bb7 19. d5 Na5 20. Bc2 Nc4 21. Qc1
Qd6 22. Nxh3 gxh3+ 23. Kxh3 O-O-O 24. Bf5+ Kb8 25. Ne4 Qb6 26. Re2 Bxd5 27. b3
Bxe4 28. Bxe4 Nd6 29. Bf3 Rhe8 30. Qe3 Kc7 31. Rc1+ Nc4 32. Qxb6+ Kxb6 33. bxc4
b4 34. Rb2 a5 35. a3 Rd3 36. Bh5 Ra8 37. axb4 a4 38. c5+ Kc7 39. Ra1 f5 40.
Rba2 a3 41. Be2 Rb3 42. Bd1 Rd3 43. Be2 Rc3 44. Kg2 Kc6 45. Bd1 Kb5 46. Rb1 e4
47. Be2+ Kc6 48. Bh5 h6 49. Bg6 Rf3 50. g4 fxg4 51. Bxe4+ Kc7 52. Bxa8 1-0

[Event "32. Kieler Open 2019 B-Open"]
[Site "Kiel"]
[Date "2019.07.27"]
[Round "2.30"]
[White "Plöger, Elke"]
[Black "Frahm, Ben Jonas"]
[Result "1-0"]
[WhiteElo "1424"]
[BlackElo "776"]
[Annotator "MB"]
[PlyCount "67"]
[EventDate "2019.??.??"]

1. e4 e5 2. Nf3 Nc6 3. Bb5 Bb4 4. O-O Nf6 5. d3 a6 6. Bxc6 bxc6 7. Nxe5 d6 8.
Nxc6 Ng4 9. Nxd8 Kxd8 10. a3 Bc5 11. d4 Bb6 12. h3 Nf6 13. Bg5 Ke8 14. Bxf6
gxf6 15. Nc3 c5 16. dxc5 Bxc5 17. Nd5 Kd8 18. Nxf6 Bb7 19. Nd5 Rb8 20. b4 Ba7
21. Qg4 Bc8 22. Qg5+ Kd7 23. Qe7+ Kc6 24. Qxa7 Rb7 25. Qxa6+ Kd7 26. Qe2 Kc6
27. c4 Kd7 28. e5 Rb8 29. Rad1 Rg8 30. Nf6+ Kc7 31. Nxg8 Ra8 32. exd6+ Kd7 33.
Nf6+ Kd8 34. Qe7# 1-0

[Event "32. Kieler Open 2019 B-Open"]
[Site "Kiel"]
[Date "2019.07.28"]
[Round "3.1"]
[White "Plichta, Hans-Reiner"]
[Black "Bendixen, Matthes"]
[Result "1/2-1/2"]
[WhiteElo "1765"]
[BlackElo "1645"]
[Annotator "MB"]
[PlyCount "103"]
[EventDate "2019.??.??"]

1. d4 Nf6 2. c4 e6 3. Nf3 d5 4. g3 c5 5. Bg2 Nc6 6. e3 Bd6 7. O-O O-O 8. cxd5
exd5 9. dxc5 Bxc5 10. Qc2 Qe7 11. a3 Be6 12. Ng5 h6 13. Nxe6 fxe6 14. b4 Bb6
15. Bb2 Rac8 16. Qg6 Qf7 17. Qxf7+ Rxf7 18. Nd2 Re8 19. Rac1 Ng4 20. Rce1 Nge5
21. Nb3 Nc4 22. Re2 Nxb2 23. Rxb2 Ne5 24. a4 Nd3 25. Ra2 Nxb4 26. Rd2 a5 27.
Rc1 Rc7 28. Rxc7 Bxc7 29. Bh3 e5 30. Nc5 b6 31. Nd3 Na6 32. Bd7 Rd8 33. Be6+
Kf8 34. Nb2 Ke7 35. Bxd5 Nb4 36. e4 Nxd5 37. exd5 Kd6 38. Rc2 Rd7 39. Nd1 Kxd5
40. Ne3+ Ke6 41. Rc6+ Kf7 42. Nc4 e4 43. Nxb6 Bxb6 44. Rxb6 Rd4 45. Kf1 Rxa4
46. Ke2 Ra2+ 47. Ke3 a4 48. Ra6 a3 49. h4 Ra1 50. Kxe4 a2 51. Kf3 Ke7 52. h5
1/2-1/2

[Event "32. Kieler Open 2019 B-Open"]
[Site "Kiel"]
[Date "2019.07.28"]
[Round "3.2"]
[White "Jarosch, Wolfram"]
[Black "Noreisch, Reiner"]
[Result "1/2-1/2"]
[WhiteElo "1691"]
[BlackElo "1602"]
[Annotator "MB"]
[PlyCount "116"]
[EventDate "2019.??.??"]

1. e4 g6 2. f4 c5 3. Nf3 Bg7 4. c3 d6 5. d4 Nf6 6. Bd3 O-O 7. O-O a6 8. h3 b5
9. Be3 Nbd7 10. Nbd2 Re8 11. Qe1 Bb7 12. Ng5 h6 13. Ngf3 c4 14. Bc2 e5 15. fxe5
dxe5 16. Qh4 g5 17. Qf2 Nh5 18. Nxg5 Nhf6 19. Ngf3 Re7 20. Qh4 Qf8 21. Nxe5
Nxe5 22. dxe5 Nd7 23. Rf3 Nxe5 24. Rg3 Ng6 25. Qh5 Re5 26. Qf3 Kh7 27. Rf1 f5
28. Qh5 Ne7 29. exf5 Kh8 30. Bd4 Rd8 31. Nf3 Bxf3 32. gxf3 Rxd4 33. cxd4 Rd5
34. Kh1 Bxd4 35. Rd1 Bxb2 36. Rxd5 Nxd5 37. Rg6 Bg7 38. Qh4 Ne7 39. Rg4 Nxf5
40. Qf2 Nd6 41. Qa7 Qxf3+ 42. Kg1 Qb7 43. Qxb7 Nxb7 44. Rg6 Nc5 45. Rc6 Bd4+
46. Kg2 Kg7 47. Kf3 b4 48. Kg4 b3 49. axb3 cxb3 50. Bb1 a5 51. Rg6+ Kf7 52.
Rxh6 a4 53. Rh7+ Bg7 54. Rh5 a3 55. Rxc5 a2 56. Bxa2 bxa2 57. Ra5 a1=Q 58. Rxa1
Bxa1 1/2-1/2

[Event "32. Kieler Open 2019 B-Open"]
[Site "Kiel"]
[Date "2019.07.28"]
[Round "3.3"]
[White "Suliga, Eckhard"]
[Black "Reimer, Eugen"]
[Result "1-0"]
[WhiteElo "1682"]
[BlackElo "1554"]
[Annotator "MB"]
[PlyCount "119"]
[EventDate "2019.??.??"]

1. e4 Nc6 2. d4 e5 3. Nf3 exd4 4. Nxd4 Bc5 5. Be3 Bb6 6. Bb5 Nf6 7. Nc3 O-O 8.
O-O Re8 9. f3 Ne5 10. Bf2 c6 11. Ba4 Ng6 12. Kh1 Nh5 13. Qd2 Bc7 14. Rad1 Nhf4
15. Nde2 Qf6 16. Bg3 b5 17. Bb3 a5 18. a3 b4 19. Na4 Ba6 20. Nxf4 Bxf4 21. Bxf4
Bxf1 22. Bg5 Bxg2+ 23. Kxg2 Nh4+ 24. Bxh4 Qxh4 25. Qf2 Qe7 26. Nc5 bxa3 27.
bxa3 d6 28. Nd3 Rac8 29. a4 c5 30. Bc4 Qf6 31. Qd2 Qg6+ 32. Kh1 Kh8 33. Qf4 Rc7
34. Rg1 Qh5 35. Qg4 Qxg4 36. Rxg4 h6 37. Rg1 Rb8 38. Bb5 g5 39. Rd1 Kg7 40. Nb2
Kf6 41. Rxd6+ Kg7 42. Nc4 g4 43. fxg4 f6 44. Kg2 Kg6 45. Kg3 Re7 46. e5 Rf8 47.
exf6 Re2 48. f7+ Kg7 49. Rd2 Re1 50. Be8 Re4 51. Nxa5 Rxf7 52. Bxf7 Rxa4 53.
Nb3 Kxf7 54. Nxc5 Rc4 55. Nb3 Kf6 56. Kh4 Rc3 57. Nd4 Ke5 58. Ne2 Rf3 59. Ng3
Rf4 60. Nf5 1-0

[Event "32. Kieler Open 2019 B-Open"]
[Site "Kiel"]
[Date "2019.07.28"]
[Round "3.4"]
[White "Johlke, Lorenz"]
[Black "Götz, Dirk"]
[Result "1/2-1/2"]
[WhiteElo "1602"]
[BlackElo "1766"]
[Annotator "MB"]
[PlyCount "46"]
[EventDate "2019.??.??"]

1. e4 e6 2. d4 b6 3. Nc3 Bb7 4. Bf4 d6 5. Nf3 a6 6. Be2 Be7 7. O-O Nd7 8. h3
Ngf6 9. e5 Nd5 10. Nxd5 Bxd5 11. c4 Bb7 12. Qc2 O-O 13. Rfd1 f5 14. Qd2 Qe8 15.
d5 Nxe5 16. Nxe5 dxe5 17. Bxe5 Bd6 18. Qc3 Bxe5 19. Qxe5 exd5 20. Qxe8 Raxe8
21. Bf3 c6 22. cxd5 cxd5 23. Bxd5+ Bxd5 1/2-1/2

[Event "32. Kieler Open 2019 B-Open"]
[Site "Kiel"]
[Date "2019.07.28"]
[Round "3.5"]
[White "von Koschitzky, Tilo"]
[Black "Ehrich, Dieter"]
[Result "1-0"]
[WhiteElo "1774"]
[BlackElo "1612"]
[Annotator "MB"]
[PlyCount "57"]
[EventDate "2019.??.??"]

1. d4 Nf6 2. Nf3 c5 3. d5 d6 4. c4 g6 5. Nc3 Bg7 6. e4 Nbd7 7. Be2 O-O 8. Bg5
Re8 9. Qd2 Qb6 10. O-O a6 11. Rab1 e6 12. Bd3 Ng4 13. h3 Nge5 14. Ne1 Nxd3 15.
Nxd3 Ne5 16. Nxe5 Bxe5 17. Be3 Bg7 18. b4 Qc7 19. bxc5 dxc5 20. Na4 Bf8 21. Nb6
Rb8 22. Bf4 e5 23. Bg3 f5 24. Nxc8 Qxc8 25. d6 Qd7 26. Qd5+ Re6 27. exf5 gxf5
28. Bxe5 Bxd6 29. Rfd1 1-0

[Event "32. Kieler Open 2019 B-Open"]
[Site "Kiel"]
[Date "2019.07.28"]
[Round "3.6"]
[White "Behrendt, Matthias"]
[Black "Wirtjes, Edzard"]
[Result "1-0"]
[WhiteElo "1747"]
[BlackElo "1601"]
[Annotator "MB"]
[PlyCount "67"]
[EventDate "2019.??.??"]

1. d4 Nf6 2. Nf3 g6 3. c4 Bg7 4. Nc3 d6 5. h3 O-O 6. e4 c5 7. Be3 b6 8. Be2 Bb7
9. d5 Nfd7 10. Qd2 Na6 11. O-O Nc7 12. Bh6 Rb8 13. Bxg7 Kxg7 14. Nh2 f6 15.
Rae1 Ne5 16. f4 Nf7 17. h4 h6 18. Bd3 Bc8 19. Rf3 Bd7 20. Rg3 Nh8 21. f5 Be8
22. Ng4 g5 23. hxg5 hxg5 24. Kf2 Nf7 25. Rh1 Bd7 26. Qe2 Qe8 27. Rgh3 Rh8 28.
Qe1 Qg8 29. R1h2 Rxh3 30. Rxh3 Ne5 31. Nxe5 fxe5 32. Qh1 Ne8 33. Rh6 Kf7 34.
Qh5+ 1-0

[Event "32. Kieler Open 2019 B-Open"]
[Site "Kiel"]
[Date "2019.07.28"]
[Round "3.7"]
[White "Zechel, Rolf-Rüdiger"]
[Black "Sowa, Kay"]
[Result "1-0"]
[WhiteElo "1651"]
[BlackElo "1729"]
[Annotator "MB"]
[PlyCount "77"]
[EventDate "2019.??.??"]

1. d4 Nf6 2. Bf4 c5 3. e3 Qb6 4. Nc3 g6 5. Nf3 Bg7 6. Be2 O-O 7. h4 d6 8. Rb1
Nc6 9. d5 Nb8 10. O-O Nbd7 11. a3 Qa5 12. e4 a6 13. Qd2 b5 14. b4 Qxa3 15. Rb3
cxb4 16. Rxa3 bxa3 17. Bd3 Nc5 18. Bh6 b4 19. Na2 a5 20. Bxg7 Kxg7 21. Re1 Rb8
22. Nd4 Bd7 23. Nb3 Nxd3 24. Qxd3 a4 25. Nd4 e5 26. dxe6 fxe6 27. e5 Ng4 28.
Nf3 b3 29. Qxd6 bxa2 30. Qxd7+ Rf7 31. Qxe6 Rb1 32. Qxa2 Rxe1+ 33. Nxe1 Rxf2
34. e6 Re2 35. Qa1+ Kh6 36. Nf3 Rxe6 37. Qxa3 Rb6 38. Qf8+ Kh5 39. Qc5+ 1-0

[Event "32. Kieler Open 2019 B-Open"]
[Site "Kiel"]
[Date "2019.07.28"]
[Round "3.8"]
[White "Kageler, Anton Paul"]
[Black "Stieber, Mike"]
[Result "1-0"]
[WhiteElo "1601"]
[BlackElo "1697"]
[Annotator "MB"]
[PlyCount "29"]
[EventDate "2019.??.??"]

1. e4 c5 2. Nf3 Nc6 3. d4 cxd4 4. Nxd4 a6 5. Nc3 e6 6. Be3 Bb4 7. Bd3 Nge7 8.
O-O Qc7 9. Kh1 Bxc3 10. bxc3 d5 11. f4 Na5 12. Qe1 Nc4 13. e5 Nxe3 14. Qxe3
Qxc3 15. Bb5+ 1-0

[Event "32. Kieler Open 2019 B-Open"]
[Site "Kiel"]
[Date "2019.07.28"]
[Round "3.9"]
[White "Wieser, Hans-Joachim"]
[Black "Beyer, Mirko"]
[Result "0-1"]
[WhiteElo "1556"]
[BlackElo "1675"]
[Annotator "MB"]
[PlyCount "63"]
[EventDate "2019.??.??"]

1. e4 e6 2. d4 d5 3. Nc3 Nf6 4. e5 Nfd7 5. f4 c5 6. Be3 cxd4 7. Qxd4 Nc6 8. Qd2
a6 9. Nf3 Bb4 10. a3 Ba5 11. b4 Bb6 12. Bd3 d4 13. Nxd4 Nxd4 14. Be4 Nb5 15.
Na4 Bxe3 16. Qxe3 Qh4+ 17. g3 Qe7 18. c4 Nc7 19. Rd1 O-O 20. O-O f6 21. Qd3 f5
22. Bxb7 Bxb7 23. Qxd7 Rfe8 24. Qxe7 Rxe7 25. Rd6 Be4 26. Nc5 a5 27. Nxe4 fxe4
28. b5 Rb8 29. Rfd1 Nxb5 30. Rd8+ Rxd8 31. Rxd8+ Kf7 32. cxb5 0-1

[Event "32. Kieler Open 2019 B-Open"]
[Site "Kiel"]
[Date "2019.07.28"]
[Round "3.10"]
[White "Bahr, Arne"]
[Black "Bräutigam, Alexander"]
[Result "0-1"]
[WhiteElo "1667"]
[BlackElo "1558"]
[Annotator "MB"]
[PlyCount "42"]
[EventDate "2019.??.??"]

1. Nc3 Nf6 2. f4 d5 3. e3 c5 4. Nf3 Nc6 5. Bb5 Bd7 6. O-O a6 7. Be2 g6 8. Ne5
Bg7 9. Nxd7 Qxd7 10. Bf3 e6 11. d3 O-O 12. Ne2 Rad8 13. Ng3 Ne7 14. Qe1 Nf5 15.
Ne2 c4 16. d4 Ne4 17. Bxe4 dxe4 18. Bd2 Ne7 19. Bb4 Rfe8 20. Bxe7 Qxe7 21. b4
f5 {Rest nicht lesbar.} 0-1

[Event "32. Kieler Open 2019 B-Open"]
[Site "Kiel"]
[Date "2019.07.28"]
[Round "3.11"]
[White "Schwerdt, Anton Gabriel"]
[Black "Hentrop, Malte"]
[Result "0-1"]
[WhiteElo "1455"]
[BlackElo "1805"]
[Annotator "MB"]
[PlyCount "44"]
[EventDate "2019.??.??"]

1. e4 e5 2. f4 exf4 3. Nf3 d5 4. exd5 Nf6 5. Bc4 Bd6 6. c3 Qe7+ 7. Qe2 Qxe2+ 8.
Kxe2 O-O 9. Re1 Bg4 10. d4 Re8+ 11. Kf2 Nbd7 12. Nbd2 Rxe1 13. Nxe1 Nb6 14. h3
Bh5 15. a3 Nxc4 16. Nxc4 g5 17. Nxd6 cxd6 18. c4 Re8 19. Nf3 Ne4+ 20. Ke2 f6
21. b3 Ng3+ 22. Kd3 Re2 0-1

[Event "32. Kieler Open 2019 B-Open"]
[Site "Kiel"]
[Date "2019.07.28"]
[Round "3.12"]
[White "Gerull, Dirk"]
[Black "Hogreve, Holger"]
[Result "1-0"]
[WhiteElo "1815"]
[BlackElo "1434"]
[Annotator "MB"]
[PlyCount "68"]
[EventDate "2019.??.??"]

1. d4 g6 2. Bf4 Bg7 3. e3 c5 4. c3 d6 5. dxc5 dxc5 6. Qxd8+ Kxd8 7. Nf3 Nf6 8.
Na3 Nh5 9. O-O-O+ Ke8 10. Bxb8 Rxb8 11. Bb5+ Bd7 12. Bxd7+ Kf8 13. Bb5 a6 14.
Be2 Nf6 15. Ne5 Rc8 16. Nd7+ Ke8 17. Nxf6+ Bxf6 18. Rd2 e6 19. Rhd1 Rc7 20. Nc4
b5 21. Nd6+ Ke7 22. Ne4 Bg7 23. Rd6 Ra8 24. f4 Raa7 25. Rb6 c4 26. Rdd6 Rd7 27.
Rxd7+ Rxd7 28. Rxa6 e5 29. g3 Rb7 30. Nd6 Rb8 31. Rb6 Rd8 32. Nxb5 Ra8 33. a3
Rc8 34. Rb7+ Kf8 1-0

[Event "32. Kieler Open 2019 B-Open"]
[Site "Kiel"]
[Date "2019.07.28"]
[Round "3.13"]
[White "Diederichs, Karl"]
[Black "Eberhardt, Michael"]
[Result "1/2-1/2"]
[WhiteElo "1445"]
[BlackElo "1761"]
[Annotator "MB"]
[PlyCount "112"]
[EventDate "2019.??.??"]

1. d4 Nf6 2. Nf3 e6 3. Bg5 c5 4. Nc3 Nc6 5. e3 cxd4 6. Nxd4 Nxd4 7. Qxd4 Be7 8.
O-O-O d5 9. e4 O-O 10. exd5 exd5 11. Nxd5 Nxd5 12. Bxe7 Qxe7 13. Qxd5 Be6 14.
Qe4 Qc7 15. Bd3 g6 16. b3 Rac8 17. c4 Rfe8 18. Kb2 Bf5 19. Qf3 Qe5+ 20. Kb1
Bxd3+ 21. Qxd3 Qe4 22. Qxe4 Rxe4 23. Rhe1 Rxe1 24. Rxe1 Kf8 25. Kc2 b5 26. Re4
f5 27. Rd4 Ke7 28. Kd3 bxc4+ 29. Rxc4 Rd8+ 30. Ke2 Rd7 31. a4 Ke6 32. f4 h6 33.
g3 Kd5 34. Rc3 Re7+ 35. Kd2 g5 36. fxg5 hxg5 37. Rf3 Rf7 38. g4 f4 39. Ke2 Rh7
40. h3 Kc5 41. Kd3 Kb4 42. Ke4 Re7+ 43. Kd4 Re1 44. Kd3 Rc1 45. Ke4 Rb1 46. Kf5
Rxb3 47. Rf2 Rxh3 48. Kxg5 f3 49. Kf4 a5 50. Rxf3 Rh1 51. Kf5 Kxa4 52. g5 Kb4
53. g6 Rg1 54. Kf6 a4 55. g7 a3 56. Rf2 Kb3 1/2-1/2

[Event "32. Kieler Open 2019 B-Open"]
[Site "Kiel"]
[Date "2019.07.28"]
[Round "3.14"]
[White "Lawrenz, Norbert"]
[Black "Schulze, Lukas"]
[Result "1/2-1/2"]
[WhiteElo "1434"]
[BlackElo "1724"]
[Annotator "MB"]
[PlyCount "82"]
[EventDate "2019.??.??"]

1. d4 Nf6 2. Bf4 c5 3. e3 d5 4. c3 Bf5 5. Bd3 Bxd3 6. Qxd3 e6 7. Nf3 Nc6 8.
Nbd2 Be7 9. h3 a6 10. O-O Rc8 11. Ne5 Qb6 12. Rab1 cxd4 13. exd4 Bd6 14. Ndf3
Qc7 15. Rfe1 Nd7 16. Qe3 b5 17. Ng5 O-O 18. Bg3 Rce8 19. Ngf3 Nb6 20. b3 Rc8
21. Rbc1 Nd8 22. Qd3 f6 23. Ng6 hxg6 24. Qxg6 Bxg3 25. fxg3 Qf7 26. Qd3 Nb7 27.
Rf1 Nd6 28. Ng5 Qh5 29. Nxe6 Rfe8 30. Nf4 Qf5 31. Qf3 Ne4 32. Qd3 Re7 33. g4
Qg5 34. c4 bxc4 35. bxc4 Nxc4 36. h4 Qxg4 37. Nxd5 Rd7 38. Ne3 Qxh4 39. Rxc4
Rcd8 40. d5 Re8 41. Nf5 Qg4 1/2-1/2

[Event "32. Kieler Open 2019 B-Open"]
[Site "Kiel"]
[Date "2019.07.28"]
[Round "3.15"]
[White "Plöger, Elke"]
[Black "Zielke, Bernd"]
[Result "0-1"]
[WhiteElo "1424"]
[BlackElo "1707"]
[Annotator "MB"]
[PlyCount "78"]
[EventDate "2019.??.??"]

1. e4 c5 2. Nf3 Nc6 3. Bb5 a6 4. Bxc6 dxc6 5. O-O g6 6. Nc3 Bg7 7. e5 Qc7 8.
Re1 Nh6 9. d3 O-O 10. Bf4 Nf5 11. g3 e6 12. Ne4 b6 13. Nf6+ Kh8 14. c4 Nd4 15.
b3 Bb7 16. Ng5 h5 17. Re4 Qe7 18. Be3 Bxf6 19. exf6 Qxf6 20. Rh4 Nf5 21. Rh3
Nxe3 22. Nxf7+ Rxf7 23. fxe3 Qf2+ 24. Kh1 Raf8 25. g4 h4 26. Qg1 g5 27. Qg3
Qxg3 28. hxg3 Rh7 29. Kg2 hxg3 30. Rxh7+ Kxh7 31. Kxg3 Kg6 32. Kg2 e5 33. Rf1
Rxf1 34. Kxf1 Bc8 35. Kg2 Bxg4 36. Kg3 Kh5 37. a3 Bd1 38. b4 cxb4 39. axb4 c5
0-1

[Event "32. Kieler Open 2019 B-Open"]
[Site "Kiel"]
[Date "2019.07.28"]
[Round "3.16"]
[White "Gerigk, Daniel"]
[Black "Kaminski, Thorsten"]
[Result "1-0"]
[WhiteElo "1701"]
[BlackElo "1401"]
[Annotator "MB"]
[PlyCount "59"]
[EventDate "2019.??.??"]

1. e4 e6 2. d4 d5 3. Nc3 dxe4 4. Nxe4 Nf6 5. Bd3 b6 6. Qf3 c6 7. Ne2 Bb7 8. O-O
Be7 9. Qg3 g6 10. f3 Nbd7 11. Nd6+ Bxd6 12. Qxd6 Rc8 13. Bg5 Qe7 14. Qg3 O-O
15. Nf4 Rfe8 16. Rae1 Kg7 17. h4 h5 18. Bxg6 fxg6 19. Bh6+ Kh7 20. Qxg6+ Kh8
21. Rxe6 Qh7 22. Rxf6 Nxf6 23. Qxf6+ Kg8 24. Nxh5 Qf7 25. Qg5+ Kh7 26. Nf6+ Kh8
27. Nxe8 Rxe8 28. Qf4 Qg6 29. h5 Qxh5 30. Qf6+ 1-0

[Event "32. Kieler Open 2019 B-Open"]
[Site "Kiel"]
[Date "2019.07.28"]
[Round "3.17"]
[White "Brühl, Rainer"]
[Black "Priemer, Robert"]
[Result "1/2-1/2"]
[WhiteElo "1353"]
[BlackElo "1682"]
[Annotator "MB"]
[PlyCount "44"]
[EventDate "2019.??.??"]

1. d4 d5 2. Bf4 Bf5 3. e3 e6 4. Nf3 Nd7 5. Bd3 Bg6 6. c3 Ngf6 7. Ne5 Nxe5 8.
dxe5 Nh5 9. Bb5+ c6 10. Be2 Nxf4 11. exf4 Qb6 12. Qd2 Bc5 13. Bf3 Be4 14. Bxe4
dxe4 15. O-O e3 16. Qe2 exf2+ 17. Kh1 Be3 18. Na3 Bc5 19. b4 Be7 20. Qxf2 Rd8
21. Nc4 Qc7 22. Rad1 O-O 1/2-1/2

[Event "32. Kieler Open 2019 B-Open"]
[Site "Kiel"]
[Date "2019.07.28"]
[Round "3.18"]
[White "Malinowsky, Levi"]
[Black "Kanzmeier, Erwin"]
[Result "1-0"]
[WhiteElo "1418"]
[BlackElo "1587"]
[Annotator "MB"]
[PlyCount "27"]
[EventDate "2019.??.??"]

1. e4 c5 2. Nf3 Nc6 3. d4 cxd4 4. Nxd4 Nf6 5. Nc3 d6 6. Nb3 Bd7 7. Bd3 g6 8.
O-O Bg7 9. h3 O-O 10. Be3 a6 11. f4 b5 12. a3 Na5 13. Nd4 e5 14. Nf3 1-0

[Event "32. Kieler Open 2019 B-Open"]
[Site "Kiel"]
[Date "2019.07.28"]
[Round "3.19"]
[White "Wellï¿½ow, Keoki"]
[Black "Salwasser, Andrej"]
[Result "1-0"]
[WhiteElo "1544"]
[BlackElo "1287"]
[Annotator "MB"]
[PlyCount "75"]
[EventDate "2019.??.??"]

1. c4 e5 2. g3 Bc5 3. Bg2 Nf6 4. Nc3 c6 5. e4 d6 6. d3 Ng4 7. Nh3 Qf6 8. O-O h6
9. Kh1 Qg6 10. f3 Nf6 11. Ng1 h5 12. Nh3 Be6 13. Ng5 Bc8 14. Rb1 h4 15. g4 h3
16. Nxh3 Nbd7 17. b4 Bd4 18. Ne2 Bb6 19. a4 a6 20. d4 exd4 21. Nxd4 Ne5 22. Nf5
Nxc4 23. Nxd6+ Nxd6 24. Qxd6 Be6 25. b5 Rd8 26. Qa3 axb5 27. Bf4 Bc4 28. Rfd1
Nd7 29. a5 Ra8 30. Rd6 Rxa5 31. Qxa5 Qxd6 32. Qa8+ Ke7 33. Bxd6+ Kxd6 34. Qxh8
g6 35. Rd1+ Kc7 36. Qe8 Be6 37. Nf4 Nc5 38. Qd8# 1-0

[Event "32. Kieler Open 2019 B-Open"]
[Site "Kiel"]
[Date "2019.07.28"]
[Round "3.21"]
[White "Müller, Rainer"]
[Black "Solodky, Willy"]
[Result "1/2-1/2"]
[WhiteElo "1349"]
[BlackElo "1483"]
[Annotator "MB"]
[PlyCount "37"]
[EventDate "2019.??.??"]

1. e4 e5 2. Nf3 Nc6 3. Bc4 Bc5 4. c3 d6 5. O-O Nf6 6. d4 Bb6 7. dxe5 dxe5 8.
Qxd8+ Nxd8 9. Nbd2 Nc6 10. h3 O-O 11. Re1 Re8 12. b4 a6 13. Bb2 Be6 14. Rad1
Ba7 15. Bxe6 Rxe6 16. Nf1 h6 17. Ng3 b5 18. Bc1 Kh7 19. Be3 1/2-1/2

[Event "32. Kieler Open 2019 B-Open"]
[Site "Kiel"]
[Date "2019.07.28"]
[Round "3.23"]
[White "Woltmann, Peter"]
[Black "Neubert, Conrad"]
[Result "0-1"]
[WhiteElo "1523"]
[BlackElo "1094"]
[Annotator "MB"]
[PlyCount "62"]
[EventDate "2019.??.??"]

1. e4 e6 2. d4 d5 3. e5 c5 4. c3 Qb6 5. Nf3 Nc6 6. Be2 Nh6 7. Bxh6 Qxb2 8. Nbd2
gxh6 9. dxc5 Qxc3 10. Rc1 Qa5 11. O-O Qc7 12. Bb5 Bd7 13. Bxc6 Bxc6 14. Nb3 Be7
15. Qd4 h5 16. Qf4 h6 17. Qg3 O-O-O 18. Nfd4 h4 19. Qf3 Rdf8 20. Nxc6 bxc6 21.
Qd3 Qxe5 22. Qa6+ Kd7 23. Na5 Rc8 24. Rfd1 h3 25. Nc4 Qe4 26. f3 Bxc5+ 27. Ne3
Qxe3+ 28. Kh1 hxg2+ 29. Kxg2 Qf2+ 30. Kh3 Qxf3+ 31. Kh4 Bf2# 0-1

[Event "32. Kieler Open 2019 B-Open"]
[Site "Kiel"]
[Date "2019.07.28"]
[Round "3.24"]
[White "Turp, Hï¿½seyin"]
[Black "Welker, Alexandra"]
[Result "1/2-1/2"]
[WhiteElo "1620"]
[BlackElo "1339"]
[Annotator "MB"]
[PlyCount "117"]
[EventDate "2019.??.??"]

1. d4 d5 2. Bf4 c6 3. e3 Bf5 4. Bd3 Bxd3 5. Qxd3 Nf6 6. Nd2 e6 7. Ngf3 Nh5 8.
Be5 f6 9. Bg3 Nxg3 10. hxg3 f5 11. Ne5 Nd7 12. Qe2 Nf6 13. c3 Qb6 14. Nb3 O-O-O
15. Ng6 Rg8 16. Ne5 Bd6 17. Nd3 Ne4 18. Rxh7 Nf6 19. Rh3 Ne4 20. O-O-O g5 21.
Rdh1 g4 22. Rh6 Bxg3 23. fxg3 Nxg3 24. Qe1 Nxh1 25. Qxh1 Rge8 26. Ne5 Qc7 27.
Nc5 Rd6 28. Rh7 Re7 29. Rh8+ Rd8 30. Qh5 Rxh8 31. Qxh8+ Qd8 32. Qh6 Qg8 33. Qf6
Qg7 34. Qxg7 Rxg7 35. Nxe6 Rh7 36. Nf4 Rh1+ 37. Kd2 Ra1 38. a3 Rb1 39. Ned3 Kd7
40. Ne2 Rh1 41. Nc5+ Kc7 42. Nf4 b6 43. Nce6+ Kd6 44. Ng7 Ke7 45. Nxf5+ Kf6 46.
Nd6 Rf1 47. Ke2 Rb1 48. Nd3 Rg1 49. Nf4 Rb1 50. Nd3 Rg1 51. Kf2 Rd1 52. Nb4
Rd2+ 53. Kg3 Rxb2 54. Nxc6 Rb3 55. Nb4 Rxa3 56. Kxg4 a5 57. Nxd5+ Ke6 58. Nb5
Ra2 59. Nf4+ 1/2-1/2

[Event "32. Kieler Open 2019 B-Open"]
[Site "Kiel"]
[Date "2019.07.28"]
[Round "3.25"]
[White "Johlke, Lukas"]
[Black "Kathage, Holger"]
[Result "1/2-1/2"]
[WhiteElo "1584"]
[BlackElo "1662"]
[Annotator "MB"]
[PlyCount "53"]
[EventDate "2019.??.??"]

1. e4 c5 2. Nf3 d6 3. Bc4 Nf6 4. Nc3 e6 5. O-O Be7 6. Bb3 a6 7. d3 Nc6 8. Bg5
O-O 9. Qd2 d5 10. a3 Qc7 11. Rad1 Nd4 12. Nxd4 cxd4 13. Ne2 e5 14. f4 Ng4 15.
Bxe7 Qxe7 16. Rf3 Ne3 17. Rc1 Bg4 18. Rf2 Bxe2 19. Qxe2 Rac8 20. Qh5 a5 21. f5
Qf6 22. a4 b6 23. Rf3 Qh6 24. Qxh6 gxh6 25. Rg3+ Kh8 26. Rh3 Kg7 27. Rg3+
1/2-1/2

[Event "32. Kieler Open 2019 B-Open"]
[Site "Kiel"]
[Date "2019.07.28"]
[Round "3.26"]
[White "Astaev, Tobias"]
[Black "Christensen, Mats"]
[Result "0-1"]
[WhiteElo "1202"]
[BlackElo "1543"]
[Annotator "MB"]
[PlyCount "90"]
[EventDate "2019.??.??"]

1. e4 e6 2. d4 d5 3. e5 c5 4. c3 Nc6 5. Nf3 Qb6 6. Bd3 Bd7 7. Qb3 c4 8. Qxb6
axb6 9. Be2 b5 10. O-O b4 11. Be3 Nge7 12. Bd2 b5 13. cxb4 Nf5 14. a3 Nfxd4 15.
Nc3 Nxf3+ 16. Bxf3 Nxe5 17. Nxd5 Nxf3+ 18. gxf3 exd5 19. Rfe1+ Be6 20. f4 Kd7
21. Rac1 Be7 22. f5 Bxf5 23. Re5 Be6 24. f4 Bf6 25. Re2 Bxb2 26. Rb1 c3 27. Bc1
Bf5 28. Rbxb2 cxb2 29. Bxb2 Rhe8 30. Rd2 Kc6 31. Rg2 g6 32. Kf2 Rad8 33. Rg1 d4
34. Rc1+ Kb6 35. Rd1 d3 36. Be5 Rc8 37. Bd4+ Kb7 38. Bf6 Rc2+ 39. Kf1 Bg4 40.
Re1 Rxe1+ 41. Kxe1 d2+ 42. Kf2 d1=Q+ 43. Kg3 Qf3+ 44. Kh4 Qh3+ 45. Kg5 Qh5# 0-1

[Event "32. Kieler Open 2019 B-Open"]
[Site "Kiel"]
[Date "2019.07.28"]
[Round "3.27"]
[White "Priemer, Sï¿½ren Gregor"]
[Black "Sowa, Uwe"]
[Result "0-1"]
[WhiteElo "1393"]
[BlackElo "1520"]
[Annotator "MB"]
[PlyCount "136"]
[EventDate "2019.??.??"]

1. e4 e6 2. d4 b6 3. Nc3 Bb4 4. Nge2 Bb7 5. Bd2 Ne7 6. g3 f5 7. Bg2 O-O 8. O-O
Bxc3 9. Nxc3 fxe4 10. Nxe4 Nf5 11. Nf6+ Qxf6 12. Bxb7 Nc6 13. Bxa8 Rxa8 14. c3
Rf8 15. Bf4 d6 16. Qd2 Qg6 17. Rae1 Nd8 18. Qd3 h5 19. Bc1 h4 20. b3 h3 21. f3
Rf6 22. Qe4 d5 23. Qg4 Qh7 24. Bg5 Rg6 25. Qf4 Nf7 26. Be7 N7d6 27. Bxd6 Nxd6
28. Kh1 Rf6 29. Qc1 Qg6 30. Qb1 Qf7 31. Kg1 Rxf3 32. Rxf3 Qxf3 33. Qc2 Ne4 34.
c4 c6 35. Qe2 Qc3 36. Qd1 Nxg3 37. Rxe6 Kf7 38. Re1 Ne4 39. Qh5+ Ke7 40. Qe5+
Kd7 41. Qxg7+ Kc8 42. Qg4+ Kb7 43. Qd1 Ka6 44. Re2 Qf3 45. Qf1 Qd3 46. Rxe4
Qxf1+ 47. Kxf1 dxe4 48. Ke2 b5 49. cxb5+ Kxb5 50. Ke3 Kb4 51. Kxe4 Ka3 52. Ke5
Kxa2 53. Kd6 Kxb3 54. Kxc6 a5 55. d5 a4 56. d6 a3 57. d7 a2 58. d8=Q a1=Q 59.
Qd3+ Qc3+ 60. Qxc3+ Kxc3 61. Kd5 Kd3 62. Ke5 Ke3 63. Kf5 Kf3 64. Kg5 Kg2 65.
Kg4 Kxh2 66. Kf3 Kg1 67. Kg3 h2 68. Kf3 h1=Q+ {Matt folgt nach 11 weiteren
Zügen} 0-1

[Event "32. Kieler Open 2019 B-Open"]
[Site "Kiel"]
[Date "2019.07.28"]
[Round "3.28"]
[White "Bunke, Mike"]
[Black "Stolzenwald, Frank"]
[Result "1-0"]
[WhiteElo "1597"]
[BlackElo "1307"]
[Annotator "MB"]
[PlyCount "47"]
[EventDate "2019.??.??"]

1. c4 b6 2. Nc3 Bb7 3. Nf3 Bxf3 4. gxf3 c6 5. d4 Na6 6. a3 Nc7 7. Bf4 d6 8. Qc2
Qd7 9. O-O-O a5 10. h4 h6 11. e4 g6 12. Bd3 Bg7 13. Be3 Ne6 14. h5 Bxd4 15.
hxg6 Bxe3+ 16. fxe3 fxg6 17. e5 g5 18. exd6 exd6 19. Bg6+ Kd8 20. e4 c5 21. e5
Nd4 22. Qe4 Rb8 23. Ne2 Nf6 24. exf6 1-0